The ACS Style Guide: A manual for authors and editors (Record no. 564486)
[ view plain ]
| 000 -LEADER | |
|---|---|
| fixed length control field | 00443nam a2200145Ia 4500 |
| 008 - FIXED-LENGTH DATA ELEMENTS--GENERAL INFORMATION | |
| fixed length control field | 210430s9999 xx 000 0 und d |
| 020 ## - INTERNATIONAL STANDARD BOOK NUMBER | |
| International Standard Book Number | 0-8412-0917-0 |
| 082 ## - DEWEY DECIMAL CLASSIFICATION NUMBER | |
| Classification number | 808.06654 A187 A |
| 100 ## - MAIN ENTRY--PERSONAL NAME | |
| Personal name | Edited by Janet S.Dodd, |
| 9 (RLIN) | 127198 |
| 245 #4 - TITLE STATEMENT | |
| Title | The ACS Style Guide: A manual for authors and editors |
| 260 ## - PUBLICATION, DISTRIBUTION, ETC. | |
| Place of publication, distribution, etc. | Washington DC |
| Name of publisher, distributor, etc. | American Chemical Society |
| Date of publication, distribution, etc. | 1986 |
| 300 ## - PHYSICAL DESCRIPTION | |
| Extent | 264p |
| 700 ## - ADDED ENTRY--PERSONAL NAME | |
| Personal name | Marianne C. Brogan |
| 9 (RLIN) | 127199 |
| 942 ## - ADDED ENTRY ELEMENTS (KOHA) | |
| Koha item type | Book |
| Source of classification or shelving scheme | |
| Withdrawn status | Lost status | Source of classification or shelving scheme | Damaged status | Not for loan | Permanent Location | Current Location | Shelving location | Date acquired | Full call number | Barcode | Date last seen | Price effective from | Koha item type |
|---|---|---|---|---|---|---|---|---|---|---|---|---|---|
| School of Chemical & Materials Engineering (SCME) | School of Chemical & Materials Engineering (SCME) | General Stacks | 12/11/7 | 808.06654 A187 A | SCME-3700 | 04/30/2021 | 04/30/2021 | Book |
